'Atlantic City' Bruce Springsteen Lyrics - Statistics

General Stats
  • This quiz has been taken 51 times
  • The average score is 177 of 254
Answer Stats
lyrics % Correct
a
97%
I
97%
in
97%
the
97%
Atlantic
93%
City
93%
me
93%
night
93%
and
90%
but
90%
man
90%
they
90%
to
90%
everything
86%
meet
86%
my
86%
no
86%
on
86%
so
86%
that
86%
up
86%
you
86%
your
86%
back
83%
blew
83%
can
83%
chicken
83%
dies,
83%
dies
83%
house
83%
last
83%
Philly
83%
tonight
83%
Well
83%
well,
83%
well
83%
baby,
79%
baby
79%
fact,
79%
for
79%
hair
79%
his
79%
may
79%
maybe
79%
of
79%
pretty
79%
that's
79%
too
79%
be
76%
bus
76%
comes
76%
D.A.
76%
do
76%
get
76%
got
76%
its
76%
it's
76%
makeup
76%
out
76%
put
76%
someday
76%
what
76%
away
72%
money
72%
boardwalk
69%
by
69%
can't
69%
down
69%
job
69%
relief
69%
state
69%
they're
69%
fight
66%
from
66%
gettin'
66%
gonna
66%
honest
66%
ready
66%
skin
66%
hanging
62%
now
62%
pay
62%
teeth
62%
trouble
62%
debts
59%
gambling
59%
promenade
59%
see
59%
bought
55%
boys
55%
Central
55%
commission's
55%
had
55%
outta
55%
there's
55%
tickets
55%
Trust
55%
two
55%
drew
52%
racket
52%
tried
52%
us
52%
fix
45%
little
41%
rumble
41%
those
41%
don't
38%
have
38%
him ...
38%
bustin'
34%
find
34%
hard
34%
here
34%
I'm
34%
line
34%
love
34%
we're
34%
where
34%
been
31%
caught
31%
Coast
31%
cold
31%
favor
31%
getting
31%
just
31%
losers
31%
met
31%
our
31%
side
31%
this
31%
winners
31%
with
31%
wrong
31%
coming
28%
died
28%
forever
28%
goin'
28%
guy
28%
I'll
28%
looking
28%
night's
28%
cause
24%
losing
24%
end
21%
gold
21%
honey
21%
luck
21%
stay
21%
stockings
21%
tired
21%
turning
17%
sand's
14%
No matching quizzes found
Score Distribution
Percent of People with Each Score
Percentile by Number Answered
Your Score History
You have not taken this quiz